Wates goes top with 18 wins (Record no. 83722)

MARC details
000 -LEADER
fixed length control field 00939cab a22002295a 4500
001 - CONTROL NUMBER
control field L154829
008 - FIXED-LENGTH DATA ELEMENTS--GENERAL INFORMATION
fixed length control field 120123e20120120xxk 000 0 eng d
035 ## - SYSTEM CONTROL NUMBER
System control number (Sirsi) u154829
041 0# - LANGUAGE CODE
Language code of text/sound track or separate title eng
100 1# - MAIN ENTRY--PERSONAL NAME
Personal name Hurst, Will
245 00 - TITLE STATEMENT
Title Wates goes top with 18 wins
Remainder of title business barometer
260 ## - PUBLICATION, DISTRIBUTION, ETC.
Date of publication, distribution, etc. 2012
490 ## - SERIES STATEMENT
Series statement Building
Volume/sequential designation 277 (8711) 20 January 2012, 18-19(2)
520 ## - SUMMARY, ETC.
Summary, etc. Overview; tables of top contractors including and excluding civils for December 2011; yearly work won including and excluding civils January-December 2011; top architects and top quantity surveyors January 2011 to December 2011 using information from Barbour ABI. Looks at construction output, public sector cuts and retail output; the CPA/Barbour ABI Index.
590 ## - LOCAL NOTE (RLIN)
Local note KA
651 #4 - SUBJECT ADDED ENTRY--GEOGRAPHIC NAME
Geographic name United Kingdom
Chronological subdivision
690 ## - LOCAL SUBJECT ADDED ENTRY--TOPICAL TERM (OCLC, RLIN)
Topical term or geographic name as entry element Contracts
9 (RLIN) 6232
690 ## - LOCAL SUBJECT ADDED ENTRY--TOPICAL TERM (OCLC, RLIN)
Topical term or geographic name as entry element Construction management
9 (RLIN) 6230
700 1# - ADDED ENTRY--PERSONAL NAME
Personal name Green, Brian
700 1# - ADDED ENTRY--PERSONAL NAME
Personal name Forrest, Kelly
942 ## - ADDED ENTRY ELEMENTS (KOHA)
Suppress in OPAC 0
Holdings
Withdrawn status Lost status Source of classification or shelving scheme Damaged status Not for loan Home library Current library Shelving location Date acquired Total Checkouts Full call number Barcode Date last seen Copy number Price effective from Koha item type
    Dewey Decimal Classification     London London Journal article 23/01/2012   L154829 154829-1001 06/08/2019 1 06/08/2019 Journal article